000 00266nam a22001217a 4500
008 190225b xxu||||| |||| 00| 0 eng d
041 _aeng
080 _a541
100 _a12
101 _aKIM
245 _aTextbook of Organic Chemitry
_cFerguson
942 _2udc
_cBK
999 _c54234
_d54234